[Event "Plzen op 11th"]
[Site "Plzen"]
[Date "2023.03.06"]
[Round "3"]
[White "Weijers, Ralf"]
[Black "Simet, Martin"]
[Result "1/2-1/2"]
[WhiteElo "1890"]
[BlackElo "2201"]
[PlyCount "61"]
[EventDate "2023.03.04"]
[EventType "swiss"]
[EventRounds "9"]
[EventCountry "CZE"]
[SourceTitle "CBM 213 Extra"]
[Source "ChessBase"]
[SourceDate "2023.05.31"]
[SourceVersion "1"]
[SourceVersionDate "2023.05.31"]
[SourceQuality "1"]

1. e4 c6 2. Bc4 d5 3. Bb3 e5 4. exd5 cxd5 5. d4 e4 6. f3 Bd6 7. Nc3 Qh4+ 8. Kf1 Nc6 9. Bxd5 Nf6 10. Bxe4 0-0 11. Nge2 Be6 12. g3 Qh3+ 13. Kf2 Rad8 14. Bxc6 bxc6 15. Ne4 Nxe4+ 16. fxe4 f5 17. e5 Bxe5 18. Nf4 Bxf4 19. Bxf4 Bd5 20. Qf1 Qg4 21. Qd3 g5 22. h3 Qh5 23. Be5 f4 24. gxf4 Qh4+ 25. Ke2 Bxh1 26. Rxh1 Rd5 27. Qe3 c5 28. Rg1 Rf5 29. Qf3 Qh5 30. Rg4 Qf7 31. Bb8 1/2-1/2

[Event "CZE-ch Betsys Online Blitz"]
[Site "Chess.com INT"]
[Date "2021.04.17"]
[Round "10"]
[White "Kozusek, Daniel"]
[Black "Simet, Martin"]
[Result "1-0"]
[WhiteElo "2327"]
[BlackElo "2181"]
[PlyCount "51"]
[EventDate "2021.04.17"]
[EventType "swiss (blitz)"]
[EventRounds "13"]
[EventCountry "CZE"]
[SourceTitle "CBM 201 Extra"]
[Source "ChessBase"]
[SourceDate "2021.05.31"]
[SourceVersion "1"]
[SourceVersionDate "2021.05.31"]
[SourceQuality "1"]

1. d4 Nf6 2. Nf3 d6 3. c4 Nbd7 4. Nc3 e5 5. Bg5 Be7 6. e3 c6 7. Qc2 Qc7 8. 0-0-0 a6 9. Kb1 Qb8 10. c5 exd4 11. cxd6 Bxd6 12. Nxd4 0-0 13. Nf5 Be5 14. f4 Bc7 15. Bd3 b5 16. Ne7+ Kh8 17. Nxc8 Qxc8 18. Bf5 Qe8 19. e4 h6 20. Bxf6 Nxf6 21. e5 Ng8 22. Bd7 Qe7 23. Bxc6 Ra7 24. Nd5 Qh4 25. g3 Qh3 26. Qc5 1-0

[Event "CZE-ch Betsys Online Blitz"]
[Site "Chess.com INT"]
[Date "2021.04.17"]
[Round "5"]
[White "Simet, Martin"]
[Black "Zwardon, Vojtech"]
[Result "0-1"]
[WhiteElo "2181"]
[BlackElo "2466"]
[PlyCount "64"]
[EventDate "2021.04.17"]
[EventType "swiss (blitz)"]
[EventRounds "13"]
[EventCountry "CZE"]
[SourceTitle "CBM 201 Extra"]
[Source "ChessBase"]
[SourceDate "2021.05.31"]
[SourceVersion "1"]
[SourceVersionDate "2021.05.31"]
[SourceQuality "1"]

1. d4 Nf6 2. Nf3 e6 3. Bf4 c5 4. e3 Qb6 5. Na3 cxd4 6. exd4 Bxa3 7. bxa3 Qa5+ 8. Bd2 Qxa3 9. Bd3 Nc6 10. 0-0 0-0 11. c3 d5 12. Qc2 h6 13. Rab1 Qd6 14. Rfe1 Nd7 15. Re2 b6 16. Rbe1 Bb7 17. Ne5 Ndxe5 18. dxe5 Qa3 19. Re3 Rac8 20. Qb1 Ba6 21. Rg3 Kh8 22. Rh3 Bxd3 23. Qxd3 f5 24. Bxh6 gxh6 25. Rxh6+ Kg7 26. Qh3 Rh8 27. Qg3+ Kxh6 28. h4 Qe7 29. Qf4+ Kh7 30. Re3 Rcg8 31. g3 Rg4 32. Kg2 Rxf4 0-1

[Event "CZE-ch rapid U20"]
[Site "Ceska Trebova"]
[Date "2020.09.20"]
[Round "8"]
[White "Jun, Rudolf Jr"]
[Black "Simet, Martin"]
[Result "1/2-1/2"]
[WhiteElo "1825"]
[BlackElo "2076"]
[PlyCount "80"]
[EventDate "2020.09.19"]
[EventType "swiss (rapid)"]
[EventRounds "9"]
[EventCountry "CZE"]
[SourceTitle "CBM 198 Extra"]
[Source "ChessBase"]
[SourceDate "2020.11.30"]
[SourceVersion "1"]
[SourceVersionDate "2020.11.30"]
[SourceQuality "1"]

1. e4 d6 2. d4 Nf6 3. Bd3 e5 4. Nf3 exd4 5. Nxd4 Be7 6. 0-0 0-0 7. Nc3 a6 8. a4 c5 9. Nde2 Nc6 10. b3 Nb4 11. Bb2 Re8 12. Nf4 Bf8 13. f3 b6 14. Ncd5 Nfxd5 15. Nxd5 Nxd5 16. exd5 Qg5 17. f4 Qh4 18. g3 Qh3 19. f5 Bb7 20. Qf3 Qh6 21. Rae1 Qd2 22. Rd1 Qb4 23. f6 g6 24. h4 Bc8 25. Qf4 Qxf4 26. Rxf4 Bh6 27. Rff1 Bg4 28. Rde1 Bh3 29. Rxe8+ Rxe8 30. Rd1 Bg4 31. Rf1 Re3 32. Kg2 Be2 33. Bxe2 Rxe2+ 34. Rf2 Re8 35. Kf3 Re3+ 36. Kg2 Bf8 37. Rf3 Re4 38. Kf2 Bh6 39. Rd3 Kf8 40. Rd1 Ke8 1/2-1/2

[Event "CZE-ch rapid U20"]
[Site "Ceska Trebova"]
[Date "2020.09.19"]
[Round "2"]
[White "Simet, Martin"]
[Black "Nemcova, Karin"]
[Result "1-0"]
[WhiteElo "2076"]
[BlackElo "1644"]
[PlyCount "65"]
[EventDate "2020.09.19"]
[EventType "swiss (rapid)"]
[EventRounds "9"]
[EventCountry "CZE"]
[SourceTitle "CBM 198 Extra"]
[Source "ChessBase"]
[SourceDate "2020.11.30"]
[SourceVersion "1"]
[SourceVersionDate "2020.11.30"]
[SourceQuality "1"]

1. c4 c5 2. b3 Nc6 3. Bb2 e5 4. Nc3 g6 5. g3 Bg7 6. Bg2 d6 7. d3 Nge7 8. Nf3 0-0 9. Qd2 a6 10. 0-0 h6 11. Ne1 Be6 12. Nc2 d5 13. cxd5 Nxd5 14. Ne3 Nxe3 15. Qxe3 Rc8 16. Na4 Nd4 17. Rac1 b6 18. Nc3 Rc7 19. Qd2 Rd7 20. Rfd1 Rd6 21. Qe1 f5 22. e3 Nb5 23. Na4 Bd5 24. Bxd5+ Rxd5 25. b4 cxb4 26. Qxb4 Qd6 27. Qb3 Kh7 28. Nxb6 Rc5 29. Rxc5 Qxc5 30. Nd7 Qc7 31. Nxf8+ Bxf8 32. Rc1 Qd7 33. Bxe5 1-0

[Event "CZE-ch rapid U20"]
[Site "Ceska Trebova"]
[Date "2020.09.19"]
[Round "4"]
[White "Simet, Martin"]
[Black "Svanda, Ondrej"]
[Result "1/2-1/2"]
[WhiteElo "2076"]
[BlackElo "1973"]
[PlyCount "82"]
[EventDate "2020.09.19"]
[EventType "swiss (rapid)"]
[EventRounds "9"]
[EventCountry "CZE"]
[SourceTitle "CBM 198 Extra"]
[Source "ChessBase"]
[SourceDate "2020.11.30"]
[SourceVersion "1"]
[SourceVersionDate "2020.11.30"]
[SourceQuality "1"]

1. c4 e5 2. Nc3 Bb4 3. Nf3 Bxc3 4. bxc3 d6 5. e4 Nf6 6. d3 0-0 7. Be2 c5 8. h3 Nbd7 9. Be3 Re8 10. Nh2 Nf8 11. Ng4 Nxg4 12. hxg4 Be6 13. Qd2 Qd7 14. f3 b5 15. Kf2 Rab8 16. cxb5 Qxb5 17. d4 Qa5 18. d5 Bd7 19. Rab1 Rb6 20. Rb2 Reb8 21. Rhb1 Bc8 22. Bg5 f6 23. Be3 h6 24. g3 Nd7 25. Rxb6 Rxb6 26. Rh1 Qa3 27. Rc1 Rb2 28. Rc2 Rxc2 29. Qxc2 Nb6 30. Qb3 Qa5 31. Qb5 Qxb5 32. Bxb5 Bd7 33. Bd3 Na4 34. Bd2 Kf7 35. Ke2 Ke7 36. c4 Nb6 37. Kd1 Ba4+ 38. Kc1 g5 39. Be2 Kd7 40. Kb2 Kc7 41. Kc3 Bd7 1/2-1/2

[Event "CZE-ch rapid U20"]
[Site "Ceska Trebova"]
[Date "2020.09.19"]
[Round "5"]
[White "Slovak, Kilian"]
[Black "Simet, Martin"]
[Result "1/2-1/2"]
[WhiteElo "2156"]
[BlackElo "2076"]
[PlyCount "60"]
[EventDate "2020.09.19"]
[EventType "swiss (rapid)"]
[EventRounds "9"]
[EventCountry "CZE"]
[SourceTitle "CBM 198 Extra"]
[Source "ChessBase"]
[SourceDate "2020.11.30"]
[SourceVersion "1"]
[SourceVersionDate "2020.11.30"]
[SourceQuality "1"]

1. e4 d6 2. d4 Nf6 3. Nc3 e5 4. Nf3 exd4 5. Nxd4 Be7 6. Bf4 0-0 7. Qd2 a6 8. 0-0-0 b5 9. f3 Bb7 10. Nf5 Nfd7 11. Nxe7+ Qxe7 12. Nd5 Bxd5 13. Qxd5 Nb6 14. Qd2 Qe6 15. Kb1 N8d7 16. h4 Ne5 17. h5 Nec4 18. Bxc4 Nxc4 19. Qd4 h6 20. b3 c5 21. Qd5 Na3+ 22. Kb2 Qf6+ 23. Be5 dxe5 24. Kxa3 c4 25. Qd6 Qf4 26. Qd2 Qf6 27. Qd6 Qg5 28. Qd2 Qe7+ 29. Qd6 Qa7 30. Qxe5 Rfe8 1/2-1/2

[Event "CZE-ch"]
[Site "Plzen"]
[Date "2020.08.31"]
[Round "9"]
[White "Koubova, Anna Marie"]
[Black "Simet, Martin"]
[Result "1-0"]
[WhiteElo "2099"]
[BlackElo "2194"]
[PlyCount "119"]
[EventDate "2020.08.23"]
[EventType "swiss"]
[EventRounds "9"]
[EventCountry "CZE"]
[SourceTitle "CBM 198 Extra"]
[Source "ChessBase"]
[SourceDate "2020.11.30"]
[SourceVersion "1"]
[SourceVersionDate "2020.11.30"]
[SourceQuality "1"]

1. d4 d6 2. g3 g6 3. Bg2 Bg7 4. e4 Nd7 5. Nf3 e5 6. 0-0 Ne7 7. Nc3 0-0 8. Re1 Re8 9. Be3 a6 10. a4 b6 11. Qd2 Rb8 12. Bg5 f6 13. Bh6 Nf8 14. Rad1 Be6 15. Bf1 Qc8 16. Qe3 Qb7 17. Rd2 exd4 18. Nxd4 Bf7 19. Bg2 Qc8 20. Rdd1 c5 21. Bxg7 Kxg7 22. Nde2 d5 23. exd5 Nxd5 24. Qf3 Nb4 25. Ne4 Qf5 26. Nd6 Qxf3 27. Nxe8+ Rxe8 28. Bxf3 Nxc2 29. Rf1 Bc4 30. Rd2 Nd4 31. Nxd4 Bxf1 32. Kxf1 cxd4 33. Rxd4 Ne6 34. Rd6 Nc5 35. Rxb6 Nxa4 36. Rb7+ Kf8 37. Bc6 Nc5 38. Rxh7 Re6 39. Bd5 Rd6 40. Bc4 Ne4 41. Be2 Rb6 42. Bd3 Nd2+ 43. Kg2 f5 44. Ra7 Rxb2 45. Rxa6 Kf7 46. h4 Ne4 47. Bxe4 fxe4 48. Kf1 Kg7 49. Ra4 e3 50. fxe3 Kf6 51. Ra6+ Kf5 52. e4+ Kxe4 53. Rxg6 Kf3 54. Kg1 Rg2+ 55. Kh1 Re2 56. h5 Re5 57. h6 Ra5 58. Kg1 Rh5 59. g4 Rh4 60. g5 1-0

[Event "CZE-ch"]
[Site "Plzen"]
[Date "2020.08.25"]
[Round "3"]
[White "Simek, Petr1111"]
[Black "Simet, Martin"]
[Result "0-1"]
[WhiteElo "2324"]
[BlackElo "2194"]
[PlyCount "50"]
[EventDate "2020.08.23"]
[EventType "swiss"]
[EventRounds "9"]
[EventCountry "CZE"]
[SourceTitle "CBM 198 Extra"]
[Source "ChessBase"]
[SourceDate "2020.11.30"]
[SourceVersion "1"]
[SourceVersionDate "2020.11.30"]
[SourceQuality "1"]

1. c4 d6 2. Nc3 g6 3. g3 Bg7 4. Bg2 Nf6 5. Nf3 0-0 6. 0-0 e5 7. d4 Nbd7 8. e4 a6 9. Qc2 Rb8 10. Rd1 Re8 11. dxe5 dxe5 12. h3 c6 13. Be3 b5 14. c5 a5 15. a4 b4 16. Nb1 b3 17. Qd3 Qe7 18. Nfd2 Nxc5 19. Qc3 Nfd7 20. Qxa5 Ba6 21. Ra3 Bd3 22. Rc1 Bc2 23. Qc3 Nd3 24. Rf1 Qe6 25. Nc4 Bf8 0-1

[Event "EU-ch Online U2300 Qual"]
[Site "Chess.com INT"]
[Date "2020.05.25"]
[Round "3"]
[White "Simet, Martin"]
[Black "Safin, Robert"]
[Result "1-0"]
[WhiteElo "2194"]
[BlackElo "2287"]
[PlyCount "111"]
[EventDate "2020.05.25"]
[EventType "swiss"]
[EventRounds "8"]
[EventCountry "NET"]
[SourceTitle "EXT 2021"]
[Source "ChessBase"]
[SourceDate "2020.10.23"]
[SourceVersion "1"]
[SourceVersionDate "2020.10.23"]
[SourceQuality "1"]

1. d4 Nf6 2. Nf3 g6 3. Bf4 Bg7 4. h3 d6 5. e3 0-0 6. Be2 b6 7. 0-0 Nbd7 8. c3 Bb7 9. a4 a5 10. Nbd2 Qe8 11. Qb3 e5 12. Bh2 Qe7 13. Qa3 Rfe8 14. Bb5 e4 15. Ne1 Ba6 16. Nc2 Bxb5 17. axb5 h5 18. Qa4 h4 19. Qc4 Nf8 20. Qc6 g5 21. b4 a4 22. Ra3 g4 23. Rfa1 gxh3 24. gxh3 Qe6 25. Kg2 N8h7 26. Bf4 Nh5 27. Rxa4 Rac8 28. Ra8 Nxf4+ 29. exf4 Bh6 30. Rxc8 Qxc8 31. Ra7 Bxf4 32. Rxc7 Qe6 33. Ne3 Ng5 34. Qd7 Ra8 35. Qxe6 fxe6 36. Rc6 Bxe3 37. fxe3 Ra2 38. Kf1 Rxd2 39. Ke1 Nf3+ 40. Kf1 Nh2+ 41. Ke1 Nf3+ 42. Kf1 Rh2 43. Rxd6 Rxh3 44. Rxe6 Kg7 45. d5 Rg3 46. d6 h3 47. Re7+ Kg6 48. Re6+ Kh7 49. Re7+ Kh6 50. Re6+ Kh5 51. Re8 Nh4 52. Rh8+ Kg5 53. d7 h2 54. d8Q+ Kg4 55. Qxh4+ Kf3 56. Qf4# 1-0

[Event "CZE-ch U20"]
[Site "Kouty nad Desnou"]
[Date "2020.03.09"]
[Round "4"]
[White "Brejnik, Gustav"]
[Black "Simet, Martin"]
[Result "1-0"]
[WhiteElo "2259"]
[BlackElo "2218"]
[PlyCount "79"]
[EventDate "2020.03.06"]
[EventType "tourn"]
[EventRounds "11"]
[EventCountry "CZE"]
[SourceTitle "CBM 195 Extra"]
[Source "ChessBase"]
[SourceDate "2020.05.31"]
[SourceVersion "1"]
[SourceVersionDate "2020.05.31"]
[SourceQuality "1"]

1. d4 d6 2. c4 e5 3. Nc3 Nd7 4. Nf3 Ngf6 5. g3 Be7 6. Bg2 0-0 7. 0-0 a6 8. a4 Re8 9. e4 c6 10. h3 Bf8 11. Be3 a5 12. Qc2 Qc7 13. Rfd1 exd4 14. Nxd4 Nb6 15. b3 Nfd7 16. f4 Nc5 17. Re1 Bd7 18. Rad1 Rad8 19. Nf3 Na6 20. Qf2 Na8 21. g4 b6 22. Kh1 Nc5 23. Bxc5 bxc5 24. e5 Qb7 25. Qc2 Re6 26. f5 Rh6 27. g5 Rh5 28. Ne2 g6 29. e6 fxe6 30. Nf4 exf5 31. Nxh5 gxh5 32. Nh4 Qc8 33. Rf1 Nc7 34. Nxf5 Bxf5 35. Qxf5 Qxf5 36. Rxf5 Ne6 37. Bxc6 Nd4 38. Bd5+ Kh8 39. Rf7 Nxb3 40. Rb1 1-0